000
00210 a2200097 4500
001
37909
100
_a
Buffa L
245
_a
Cracking the TOEFL
260
_a
India
_b
Random House
_c
1998
090
_c
24093
_d
24093
942
_a
NUST-CAE
_c
M
_c
15662
999
_c
272982
_d
272982